| 000 | 00402nam a2200157 a 4500 | ||
|---|---|---|---|
| 001 | 384 | ||
| 003 | CDMR | ||
| 005 | 20151022113002.0 | ||
| 008 | 130130s2010||||||||||||||||||||||||||||d | ||
| 040 |
_aCDMR _bcat _cCPC LLEIDA |
||
| 110 | 2 |
_9264 _aCadena SER |
|
| 245 | 1 | 0 |
_aCadena SER Anuari 2010 _cCadena SER |
| 260 |
_c2010 _bSocietat Espanyola de Radiodifusió |
||
| 300 |
_cInclou CD _e1 CD |
||
| 942 |
_cMON _2udc |
||
| 999 |
_c384 _d384 |
||